Consciousness and the world (Record no. 252959)

MARC details
000 -LEADER
fixed length control field 00593nam a2200193Ia 4500
008 - FIXED-LENGTH DATA ELEMENTS--GENERAL INFORMATION
fixed length control field 191130s2000##################000#0#eng##
020 ## - INTERNATIONAL STANDARD BOOK NUMBER
ISBN 9780199256723
082 ## - DEWEY DECIMAL CLASSIFICATION NUMBER
Classification number 153 SHA
100 ## - MAIN ENTRY--AUTHOR NAME
Personal name O'shaughnessy, Brian
245 ## - TITLE STATEMENT
Title Consciousness and the world
Statement of responsibility, etc Brian O'Shaughnessy
260 ## - PUBLICATION, DISTRIBUTION, ETC. (IMPRINT)
Place of publication Oxford
Name of publisher Clarendon Press; Oxford University Press
Year of publication 2000
300 ## - PHYSICAL DESCRIPTION
Number of Pages viii, 705 p. : ill. ; 25 cm
500 ## - GENERAL NOTE
General note Includes bibliographical references and index
650 ## - SUBJECT ADDED ENTRY--TOPICAL TERM
Topical Term Consciousness
991 ## -
-- 217919
Holdings
Withdrawn status Lost status Damaged status Not for loan Home library Current library Shelving location Date acquired Full call number Accession Number Price effective from Koha item type
        Anna Centenary Library Anna Centenary Library 3RD FLOOR, A WING 13.10.2020 153 SHA 139321 13.10.2020 English Books

Find us on the map